000 00723nam a2200229 a 4500
003 DO-SdBNP
005 20220926085511.0
007 ta
008 220921e1995 dr a|||gr|||| 00| p spa d
040 _aDO-SdBNP
_bspa
_cBNPHU
082 4 _222
_bC965f
245 1 0 _aFor Eliza. /
_cApolinar Cuevas Mendez; Prólogo, Rodolfo Coiscou Weber
260 _aSanto Domingo :
_b[Taller],
_c1995
300 _a42 p. :
_bil. ;
_c18 cm.
500 _aIncluye datos biográficos del autor en la contracubierta.
590 _aInventariado 2022 / MF
650 4 _981340
_aLiteratura dominicana
_vPoesía
650 4 _976127
_aPoesía Amorosa Dominicana
700 1 _919739
_aCoiscou Weber, Rodolfo
910 _aMFeliz
942 _2ddc
_cLF2
999 _c52443
_d52443